2025 F1 Driver Line-Up Speed Run - Statistics

General Stats
  • This quiz has been taken 44 times
  • The average score is 15 of 21
Answer Stats
Hint Answer % Correct
McLaren Lando Norris
97%
Red Bull Max Verstappen
97%
McLaren Oscar Piastri
97%
Ferrari Charles Leclerc
94%
Ferrari Lewis Hamilton
94%
Aston Martin Fernando Alonso
90%
Red Bull Yuki Tsunoda
90%
Mercedes George Russell
87%
Mercedes Kimi Antonelli
77%
Aston Martin Lance Stroll
77%
Alpine Pierre Gasly
74%
Williams Carlos Sainz
71%
Williams Alex Albon
65%
VCARB Isack Hadjar
61%
VCARB Liam Lawson
61%
Haas Esteban Ocon
58%
Alpine (from May 7th) Franco Colapinto
55%
Alpine (up to May 7th) Jack Doohan
52%
Haas Oliver Bearman
52%
Stake Nico Hulkenberg
48%
Stake Gabriel Bortoleto
42%
No matching quizzes found
Score Distribution
Percent of People with Each Score
Percentile by Number Answered
Your Score History
You have not taken this quiz